LEADER 01355nam a2200241 4500 001 000000353241 003 CaOOAMICUS 005 20230327134818.0 008 230327s1954 it 000 u ita r 040 $aSeMil$bita 100 1 $aScelba, Mario <1901-1991>.$0(OLS)http://semarc/name/27306 245 10$aContro lo scandalismo :$bdiscorsi tenuti dall'on. Mario Scelba, presidente del Consiglio, al Senato, il 25 settembre 1954, e alla Camera dei deputati, il 30 settembre 1954. 264 1$aRoma :$bCentro di documentazione della Presidenza del Consiglio dei Ministri,$c1954. 300 $a46 p. ;$c21 cm 490 1 $aDiscorsi parlamentari ;$v4 500 $aDescrizione basata sulla copertina 650 4$aItalia - Politica - 1953-1976.$0(OLS)http://semarc/subject/37244 830 0$aDiscorsi parlamentari ;$v4.$0(OLS)http://semarc/title/443246 850 $aSeMil 852 $aSeMil$W1$xVenegono$y1$m5B III 7/10$j238926$B244461$CSeMilBibl$Z2$F244461 $81 996 $6245$aContro lo scandalismo :$bdiscorsi tenuti dall'on. Mario Scelba, presidente del Consiglio, al Senato, il 25 settembre 1954, e alla Camera dei deputati, il 30 settembre 1954$9(OLS)http://semarc/title/443247 996 $6264$aRoma :$bCentro di documentazione della Presidenza del Consiglio dei Ministri$9(OLS)http://semarc/publisher/30611 LEADER 00852nam a2200205 i 4500 001 000000200469 003 CaOOAMICUS 005 20110411000000.0 008 110411s1964 it u000 u ita u 013 $a179168 040 $aSeMil$bita 100 1 $aMathieu, Jean Paul.$0(OLS)http://semarc/name/10907 240 10$aChaleur, Thermodinamique, États de la matière.$0(OLS)http://semarc/title/289897 245 10$aCalore, Termodinamica, Stati della materia. 300 $a556 p. :$bill. 700 1 $aFleury, Pierre.$0(OLS)http://semarc/name/10904 773 0 $aFleury, Pierre$tFisica generale e sperimentale.$dBologna : Zanichelli, 1963-1966.$g2$w()24642 850 $aSeMil 852 $aSeMil$W1$xVenegono$y1$m3X II 195$j150998$B150998$CSeMilBibl$Z2$F162304 $81 996 $6245$aCalore, Termodinamica, Stati della materia$9(OLS)http://semarc/title/289896